|
|
|
|
| LEADER |
01072nam a22002897a 4500 |
| 001 |
34499 |
| 003 |
BD-DhAAL |
| 005 |
20211118130058.0 |
| 008 |
190404t2011 -hka|||| |||| 00| 0 eng d |
| 999 |
|
|
|c 40633
|d 40633
|
| 020 |
|
|
|a 9789881971678
|
| 020 |
|
|
|a 9881971675
|
| 040 |
|
|
|a BD-DhAAL
|
| 082 |
|
|
|a 729
|2 20
|
| 100 |
|
|
|a Lee, Michael
|9 31074
|
| 245 |
|
|
|a Sheltered :
|b two visions of canopy design /
|c Michael Lee and Johnny Choi
|
| 260 |
|
|
|a Chai Wan :
|b Asia One,
|c c2011
|
| 300 |
|
|
|a Various paging :
|b color illustrations ;
|c 30 cm.
|
| 526 |
|
|
|a ARC
|
| 541 |
|
|
|a Development Book Agency
|e 34499
|
| 650 |
|
|
|a Architectural design
|9 31075
|
| 650 |
|
|
|a Canopies, Architectural
|9 31076
|
| 650 |
|
|
|a Architecture
|9 42818
|
| 700 |
|
|
|a Choi, Johnny
|9 31077
|
| 852 |
|
|
|a Department of Architecture
|c General Stacks
|
| 942 |
|
|
|2 ddc
|c BK
|
| 952 |
|
|
|0 0
|1 0
|2 ddc
|4 0
|6 729_000000000000000_LEE
|7 0
|9 65360
|a BRACUL
|b BRACUL
|c GEN
|d 2019-04-03
|e Development Book Agency
|g 7500.00
|l 0
|o 729 LEE
|p 3010034499
|r 2019-04-03
|t 1
|v 7500.00
|w 2019-04-03
|y BK
|x Transferred from ARC to BRACUL on 28/12/2023
|